Internetové technológie ako prostriedky pre osobnú prezentáciu sprievodcu cestovného ruchu

Možnosti prezentačných, komunikačných či spojovacích sietí vďaka internetovým technológiám a poskytnutiu priestoru na prezentovanie sa sprievodcu cestovného ruchu, jeho práce a ponúkaných služieb. Oslovenie potenciálneho klienta a udržanie kontaktu s existujúcim klientom na virtuálnom internetovom t...

Ausführliche Beschreibung

Gespeichert in:
Bibliographische Detailangaben
1. Verfasser: Šambronská, Kristína
Format: Buchkapitel
Sprache:Slowakisch
Schlagworte:
Tags: Tag hinzufügen
Keine Tags, Fügen Sie das erste Tag hinzu!

MARC

LEADER 00000naa a2200000 4500
001 0281902
005 20220215173618.6
041 0 |a slo 
044 |a CZ 
245 1 0 |a Internetové technológie ako prostriedky pre osobnú prezentáciu sprievodcu cestovného ruchu  |c Kristína Šambronská 
520 |a Možnosti prezentačných, komunikačných či spojovacích sietí vďaka internetovým technológiám a poskytnutiu priestoru na prezentovanie sa sprievodcu cestovného ruchu, jeho práce a ponúkaných služieb. Oslovenie potenciálneho klienta a udržanie kontaktu s existujúcim klientom na virtuálnom internetovom trhu. Využívanie vybraných internetových technológií na osobnú prezentáciu sprievodcov v cestovnom ruchu. Výsledky ukazujúce na obľúbenosť a preferovanie sociálnych sietí pred web stránkami v prípade prezentovania sa sprievodcov cestovného ruchu s cieľom poukázať a spropagovať svoje služby, pričom sprievodcovia zároveň využívajú aj iné možnosti prezentovať seba a svoju prácu. 
610 2 0 |a ruch cestovný 
610 2 0 |a sprievodcovia 
610 2 0 |a prezentácia 
610 2 0 |a internet 
610 2 0 |a siete sociálne 
610 2 0 |a technológie komunikačné 
610 2 0 |a prostredie virtuálne 
610 2 0 |a marketing elektronický 
610 2 0 |a komunikácia elektronická 
100 1 |a Šambronská, Kristína